书目信息 |
| 题名: |
房屋建筑学
|
|
| 作者: | ;同济大学 编 | |
| 分册: | ||
| 出版信息: | 北京 中国建筑工业出版社 1980 |
|
| 页数: | 478页 | |
| 开本: | 26cm | |
| 丛书名: | ||
| 单 册: | ||
| 中图分类: | TU22 | |
| 科图分类: | 86.3 | |
| 主题词: | 房屋建筑学--高等学校--教材 | |
| 电子资源: | ||
| ISBN: | ||
| 000 | 00598nam0 2200229 45 | |
| 001 | 0197026694 | |
| 005 | 20061127111603.68 | |
| 010 | @dCNY3.10 | |
| 100 | @a19970820d1980 y0chiy0120 ea | |
| 101 | 0 | @achi |
| 102 | @aCN@b110000 | |
| 105 | @ay z 000yy | |
| 200 | 10 | @a房屋建筑学@Afang wu jian zhu xue@f同济大学等编 |
| 210 | @a北京@c中国建筑工业出版社@d1980 | |
| 215 | @a478页@d26cm | |
| 300 | @a高等学校教学用书 | |
| 606 | @a房屋建筑学@x高等学校@x教材 | |
| 690 | @aTU22@v3 | |
| 692 | @a86.3 | |
| 711 | 02 | @a同济大学@Atong ji da xue@4编 |
| 801 | 0 | @aCN@bTSSF@c20061127 |
| 905 | @a10447@dTU22@e7 | |
| 房屋建筑学/同济大学等编.-北京:中国建筑工业出版社,1980 |
| 478页;26cm |
| 高等学校教学用书 |
| ISBN :CNY3.10 |
| ● |
| 相关链接 |
|
|
|
|
正题名:房屋建筑学
索取号:TU22/7
 
预约/预借
| 序号 | 登录号 | 条形码 | 馆藏地/架位号 | 状态 | 备注 |
| 1 | 0074206 | 001480356 | 第二样本阅览室/ [索取号:TU22/7] | 在馆 |